000 00580nam a2200217Ia 4500
003 OSt
005 20220924123003.0
006 a|||||r|||| 00| 0
007 ta
008 220923b |||||||| |||| 00| 0 pan d
024 _a15187
037 _cTextual
040 _aARTS
_cARTS
_bpan
041 _2pan
_apan
082 _aO:gx, 153K4 (EPP)
100 _aSahit Samachar
_9191317
245 0 _aSahit vivechan ank
260 _aLudhiana
_bLahore Book Shop
_c1964
942 _hO:gx, 153K4 (EPP)
_cTEXL
_2CC
999 _c413869
_d413869